| 000 | 00570nam a2200193 a 4500 | ||
|---|---|---|---|
| 005 | 20140310183314.0 | ||
| 008 | 050915s19uu xx 00 eng d | ||
| 020 | _a81-224-1513-x | ||
| 050 |
_aHF 5657.4 _b.R215 2004 |
||
| 100 | _aRao, M.E. Thukaram | ||
| 245 |
_aCost and management accounting./ _cM.E. Thukaram Rao. |
||
| 260 |
_aNew Delhi : _bNew Age International (P) Limited, Publishers, _c2004. |
||
| 300 |
_a1171 p. : _c24 cm. |
||
| 521 | _aBSA | ||
| 650 | _aManagerial accounting. | ||
| 650 | _aCost accounting. | ||
| 942 |
_cBK _2lcc _kFOR |
||
| 999 |
_c21252 _d21252 |
||